LIBRARY & INFORMATION CENTRE, KCAET, TAVANUR

ONLINE PUBLIC ACCESS CATALOGUE (OPAC)

Machine Design / (Record no. 11343)

MARC details
000 -LEADER
fixed length control field 00467cam a2200193ua 4500
041 ## - LANGUAGE CODE
Language code of text/sound track or separate title eng
082 ## - DEWEY DECIMAL CLASSIFICATION NUMBER
Classification number 621.815
Item number PAN/MA
100 ## - MAIN ENTRY--AUTHOR NAME
Personal name Pandya, N C .
245 ## - TITLE STATEMENT
Title Machine Design /
250 ## - EDITION STATEMENT
Edition statement 13 /
260 ## - PUBLICATION, DISTRIBUTION, ETC. (IMPRINT)
Place of publication New Delhi,Tulsi :
Name of publisher Charotar book stall ,
Year of publication 1997.
300 ## - PHYSICAL DESCRIPTION
Number of Pages 1064 ; .
700 1# - ADDED ENTRY--PERSONAL NAME
Personal name Shah, C S .
942 ## - ADDED ENTRY ELEMENTS (KOHA)
Koha item type Books
Holdings
Withdrawn status Lost status Damaged status Home library Current library Shelving location Date acquired Full call number Accession Number Koha item type
      KAUAET KAUAET Binding Shelf 07/04/2012 621.815 20551 Books
free website counter